|
|
|
|
| LEADER |
00899nam a22002537a 4500 |
| 001 |
AAL8349 |
| 003 |
BD-DhAAL |
| 008 |
160325s 1995enk||||| b||| 00| 0 eng d |
| 020 |
|
|
|a 0521485460
|
| 040 |
|
|
|a BD-DhAAL
|c BD-DhAAL
|
| 082 |
|
|
|a 760/.0924
|
| 100 |
|
|
|a Blake, William
|9 18787
|
| 245 |
|
|
|a Selected works /
|c William Blake and David Stevens
|
| 260 |
|
|
|a New York :
|b Cambridge University Press,
|c 1995.
|
| 264 |
|
|
|6
|
| 300 |
|
|
|a 144 pages :
|b illustrations (some color) ;
|c 20 cm.
|
| 504 |
|
|
|6 Includes bibliography
|
| 541 |
|
|
|e 8349
|
| 600 |
|
|
|a Blake, William, -- 1757-1827.
|9 18788
|
| 700 |
|
|
|a Stevens, David
|9 18789
|
| 852 |
|
|
|a Savar Campus Library
|c General Shelf
|
| 942 |
|
|
|2 ddc
|c BK
|
| 999 |
|
|
|c 37221
|d 37221
|
| 952 |
|
|
|0 0
|1 0
|2 ddc
|4 0
|6 760_000000000000000__0924_BLA
|7 0
|9 58513
|a SCL
|b SCL
|c GEN
|d 2016-03-25
|g 0.00
|l 7
|m 21
|o 760.0924 BLA
|p 3020008349
|r 2020-03-01
|s 2020-01-17
|t 1
|w 2016-03-25
|y BK
|